If At First You Don't Succeed...II Quiz Stats

 Plays Quiz Updated Nov 30, 2020

Support Sporcle.
Go Orange.
Score 0/57 Timer 10:00
0 Plays Today
Category Answers % Correct
Largest
US state
by area
???
94.8%
World religion
with the most
followers
???
94.8%
---Other states---???
94.3%
----Other states----???
94.1%
--Other states--???
93.7%
Most commonly
spoken
language
???
91.7%
Smallest
US state
by area
???
90%
-Other religions-???
89.6%
---Other States---???
89.3%
--Other States--???
89.1%
----Other States----???
88.9%
-Other States-???
88.8%
--Other languages--???
88.7%
-Other states-???
88.5%
--Other religions--???
88.1%
---Other languages---???
87.3%
Oldest Ivy League
university
???
86.2%
-Other Universities-???
85.6%
Other States???
84.9%
--Other Universities--???
81.6%
Last of the 6 'Friends'
alphabetically
by first name
???
81.5%
Other states???
80.5%
--Other Friends--???
76.5%
Other languages???
74.7%
---Other Friends---???
74.5%
-Other Friends-???
74%
Member of British
rock band Queen
that was born first
???
72.1%
Other Friends???
71.8%
First of the 7 main
Harry Potter books
alphabetically
???
68.8%
Category Answers % Correct
---Other books---???
68%
-Other Members-???
67.1%
--Other Members--???
66.5%
--Other books--???
66.4%
Most NHL
Championships
(since 1915)
???
65%
Other Universities???
64.7%
Other religions???
64.4%
-Other books-???
63.8%
--Other NHL Teams--???
61.1%
Chemical element with
the shortest name
???
60.8%
---Other NHL Teams---???
60.7%
----Other Friends----???
60.4%
--Other Elements--???
59.6%
Other books???
59.2%
-Other languages-???
59.1%
-Other Elements-???
58.4%
-Other NHL Teams-???
54%
Other Members???
52.8%
Youngest President
at time of inauguration
???
46.5%
--Other Presidents--???
45.1%
Other NHL Teams???
42.6%
Other Elements???
39.3%
-Other Presidents-???
39%
Longest word used
in the NATO
alphabet
???
32.4%
--Other words--???
30.7%
-Other words-???
29.5%
Other words???
20.7%
Other Presidents???
20%

You're not logged in!

Compare scores with friends on all Sporcle quizzes.
OR
Log In

From the Vault

League of Nations Members

by gwukelic

Lets hope things turn out better for the U.N.
Remove Ads.
Support Sporcle.
Get the best of Sporcle when you Go Orange. This ad-free experience offers more features, more stats, and more fun while also helping to support Sporcle. Thank you for becoming a member.

Show Comments

Extras

Top Quizzes Today


Score Distribution

Your Account Isn't Verified!

In order to create a playlist on Sporcle, you need to verify the email address you used during registration. Go to your Sporcle Settings to finish the process.

Report this User

Report this user for behavior that violates our Community Guidelines.

Details: